|
|
|
|
| LEADER |
01237nam a2200337Ia 4500 |
| 001 |
EBC501524 |
| 003 |
MiAaPQ |
| 005 |
20200520144314.0 |
| 006 |
m o d | |
| 007 |
cr cn||||||||| |
| 008 |
080814s2010 nyua sb 001 0 eng d |
| 020 |
|
|
|z 9780765621276
|
| 035 |
|
|
|a (MiAaPQ)EBC501524
|
| 035 |
|
|
|a (Au-PeEL)EBL501524
|
| 035 |
|
|
|a (CaPaEBR)ebr10373248
|
| 035 |
|
|
|a (CaONFJC)MIL255478
|
| 035 |
|
|
|a (OCoLC)781269415
|
| 040 |
|
|
|a MiAaPQ
|c MiAaPQ
|d MiAaPQ
|
| 050 |
|
4 |
|a HF5415.2
|b .R486 2010
|
| 245 |
0 |
0 |
|a Review of marketing research.
|n Volume 6
|h [electronic resource] /
|c Naresh K. Malhotra, editor.
|
| 260 |
|
|
|a Armonk, N.Y. :
|b M.E. Sharpe,
|c c2010.
|
| 300 |
|
|
|a xxiii, 190 p. :
|b ill.
|
| 490 |
0 |
|
|a Review of marketing research,
|x 1548-6435
|
| 504 |
|
|
|a Includes bibliographical references and index.
|
| 533 |
|
|
|a Electronic reproduction. Ann Arbor, MI : ProQuest, 2015. Available via World Wide Web. Access may be limited to ProQuest affiliated libraries.
|
| 650 |
|
0 |
|a Marketing research.
|
| 650 |
|
0 |
|a Research.
|
| 655 |
|
4 |
|a Electronic books.
|
| 700 |
1 |
|
|a Malhotra, Naresh K.
|
| 710 |
2 |
|
|a ProQuest (Firm)
|
| 856 |
4 |
0 |
|u https://ebookcentral.proquest.com/lib/matrademy/detail.action?docID=501524
|z Click to View
|